LEADER 01129nam a2200277 i 4500 001 000000111362 003 CaOOAMICUS 005 20190411113901.0 008 100218s1992 it u000 u ita u 013 $a84044 040 $aSeMil$bita 100 1 $aPeter, Elisabeth.$0(OLS)http://semarc/name/46683 245 13$aUn fenomeno dei nostri tempi :$ble sette : nuovi movimenti religiosi /$cElisabeth Peter. 260 $aMilano :$bEd. OR,$c1992. 300 $a119 p. ;$c20 cm. 490 0 $aSpiritualitą del quotidiano ;$v1 500 $aContiene : Bibliografia. - Fondo Card. C.M. Martini. 650 4$aSette religiose.$0(OLS)http://semarc/subject/5385 830 0$aSpiritualitą del quotidiano ;$v1.$0(OLS)http://semarc/title/9505 850 $aSeMil 852 $aSeMil$W1$xVenegono$y1$m2X II 16$j67197$B67197$CSeMilBibl$Z2$F101128 $81 941 1 $a4 961 $aOmaggio: Martini Card. Carlo Maria 996 $6245$aUn fenomeno dei nostri tempi :$ble sette : nuovi movimenti religiosi$9(OLS)http://semarc/title/162066 996 $6260$aMilano :$bEd. OR$9(OLS)http://semarc/publisher/45166 LEADER 00991nam a2200193 i 4500 001 000000215540 003 CaOOAMICUS 005 20230705140354.0 008 120828s1759 it u000 u lat u 026 $a2323 3.2. em3. retu (3) 1759 (R) 040 $aSeMil$bita 245 10$aTomus vicesimus septimus complectens rerum indicem ab A. usque ad L. 300 $aXII, 468 p. 500 $aSegn.: §6 A-3L4 3M6 773 0 $aTommaso : d'Aquino $tDivi Thomae Aquinatis doctoris angelici ordinis praedicatorum Opera.$bEditio altera veneta ad plurima exempla comparata, & emendata. Accedunt vita, seu elogium eius a Iacobo Echardo ..., & Bernardi Mariae De Rubeis ...$dVenetiis : Cudebat Ioseph Bettinelli, 1755-1760.$g27$w()23733 850 $aSeMil 852 $aSeMil$W1$xVenegono$y1$m2C IV 27 FA$j165960$B165960$CSeMilBibl$Z2$F176917 $8I 996 $6245$aTomus vicesimus septimus complectens rerum indicem ab A. usque ad L$9(OLS)http://semarc/title/310267